<?xml version="1.0" encoding="UTF-8"?>
<record
    xmlns:xsi="http://www.w3.org/2001/XMLSchema-instance"
    xsi:schemaLocation="http://www.loc.gov/MARC21/slim http://www.loc.gov/standards/marcxml/schema/MARC21slim.xsd"
    xmlns="http://www.loc.gov/MARC21/slim">

  <leader>07650nam a2200373 i 4500</leader>
  <controlfield tag="001">2531</controlfield>
  <controlfield tag="003">gtuscu</controlfield>
  <controlfield tag="005">20260324123004.0</controlfield>
  <controlfield tag="007">ta</controlfield>
  <controlfield tag="008">251113e2005    |||a|||| |||| 00| 0 spa d</controlfield>
  <datafield tag="040" ind1=" " ind2=" ">
    <subfield code="a">gtuscu</subfield>
    <subfield code="b">spa</subfield>
    <subfield code="c">gtuscu</subfield>
    <subfield code="d">gtuscu</subfield>
    <subfield code="e">rda</subfield>
  </datafield>
  <datafield tag="082" ind1="0" ind2="4">
    <subfield code="a">CEUR 363.5 Q5</subfield>
  </datafield>
  <datafield tag="100" ind1="1" ind2=" ">
    <subfield code="a">Quesada Salda&#xF1;a, Flavio J.</subfield>
    <subfield code="e">creador</subfield>
    <subfield code="9">62</subfield>
  </datafield>
  <datafield tag="245" ind1="1" ind2=" ">
    <subfield code="a">Vivienda y suelo urbano en Guatemala :</subfield>
    <subfield code="b">tres estudios sobre caracter&#xED;sticas y evoluci&#xF3;n de su problem&#xE1;tica /</subfield>
    <subfield code="c">Flavio J. Quesada Salda&#xF1;a; revisor y editor final Mario Alfonso Bravo Soto; revisora de transcripciones Sandra E. Herrera Ruiz.</subfield>
  </datafield>
  <datafield tag="264" ind1=" " ind2="1">
    <subfield code="a">Guatemala :</subfield>
    <subfield code="b">Universidad de San Carlos de Guatemala, Centro de Estudios Urbanos y Regionales,</subfield>
    <subfield code="c">2005.</subfield>
  </datafield>
  <datafield tag="300" ind1=" " ind2=" ">
    <subfield code="a">109 p&#xE1;ginas :</subfield>
    <subfield code="b">ilustraciones blanco y negro ;</subfield>
    <subfield code="c">27 cm</subfield>
  </datafield>
  <datafield tag="336" ind1=" " ind2=" ">
    <subfield code="2">rdacontenido</subfield>
    <subfield code="a">texto</subfield>
    <subfield code="b">txt</subfield>
  </datafield>
  <datafield tag="337" ind1=" " ind2=" ">
    <subfield code="2">rdamedio</subfield>
    <subfield code="a">sin mediaci&#xF3;n</subfield>
    <subfield code="b">n</subfield>
  </datafield>
  <datafield tag="338" ind1=" " ind2=" ">
    <subfield code="2">rdasoporte</subfield>
    <subfield code="a">volumen</subfield>
    <subfield code="b">nc</subfield>
  </datafield>
  <datafield tag="500" ind1=" " ind2=" ">
    <subfield code="a">Compilaci&#xF3;n de los estudios que Flavio Quesada realiz&#xF3; sobre el team de la vivienda y el suelo urbano.</subfield>
  </datafield>
  <datafield tag="505" ind1="0" ind2=" ">
    <subfield code="g">Primera Parte</subfield>
    <subfield code="t">La construcci&#xF3;n en Guatemala: lo objetos construidos no mercantilizados --</subfield>
  </datafield>
  <datafield tag="505" ind1="0" ind2=" ">
    <subfield code="t">Notas sobre el alquiler de vivienda en Guatemala --</subfield>
  </datafield>
  <datafield tag="505" ind1="0" ind2=" ">
    <subfield code="t">Invasiones de terrenos en la Ciudad de Guatemala.</subfield>
  </datafield>
  <datafield tag="520" ind1="3" ind2=" ">
    <subfield code="a">Tomado de la Presentaci&#xF3;n. Con la edici&#xF3;n y publicaci&#xF3;n de este libro, ratificamos nuestro homenaje a Flavio Quesada Salda&#xF1;a, con ocasi&#xF3;n del XX Aniversario de su alevoso asesinato, ocurrido el 24 de marzo de 1985. Flavio se reconoc&#xED;a como un hombre de profundos compromisos sociales y, en particular, como un investigador serio, cautivado por su trabajo acad&#xE9;mico, en cuyo contexto produjo una serie de trabajos en los que dej&#xF3; plasmada su prometedora capacidad y lucidez, desafortunadamente truncadas en el momento de su muerte.
El libro que hoy presentamos constituye una compilaci6n de los estudios que Flavio Quesada realiz&#xF3; sobre el tema de la vivienda y el suelo urbano, poniendo &#xE9;nfasis en como la carencia de estos elementos afecta a los sectores de menores recursos. Estos los realiz&#xF3; como investigador del Centro de Estudios Urbanos y Regionales de la Universidad de San Carlos de Guatemala, a inicios de la d&#xE9;cada de 1980.	
En esa d&#xE9;cada el problema de acceso a la vivienda en Guatemala ya era m&#xE1;s que evidente. La pobreza se hab&#xED;a incrementado aceleradamente, abarcando al 75.5% de la poblaci6n. De esta, el 54% se encontraba en situaci&#xF3;n de extrema pobreza. Mucha de esta poblaci&#xF3;n se alojaba en la ciudad de manera precaria, en &#xE1;reas con alto grado de riesgo y de insatisfacci&#xF3;n de las necesidades b&#xE1;sicas. La oferta de suelo y vivienda puesta en el mercado inmobiliario, al igual que en la actualidad, no cubr&#xED;a las necesidades en este rubro, excluyendo a los grupos m&#xE1;s pobres. Fue ese el contexto en el que Flavio realiz&#xF3; su interpretaci&#xF3;n de las necesidades habitacionales. Aunque en el CEUR ya se hab&#xED;an desarrollado investigaciones referidas al acceso a suelo y condiciones de vida de los sectores pobres urbanos, no s&#xF3;lo como una preocupaci&#xF3;n acad&#xE9;mica sino por el impacto que su carencia tiene en amplios estratos de la poblaci&#xF3;n guatemalteca, fueron los estudios de Flavio las que iniciaron de manera m&#xE1;s sistem&#xE1;tica el abordaje del problema de la vivienda.
Es por ello que en esta compilaci&#xF3;n presentamos tres de ellos: "La construcci&#xF3;n en Guatemala -Primera parte: los objetos construidos no mercantilizados" (1984), "Notas sobre el alquiler de vivienda en Guatemala" (publicadas despu&#xE9;s de su muerte, en1989), e "Invasiones de terrenos en la ciudad de Guatemala" (1985), los cuales conjugan una visi&#xF3;n integral sobre los problemas de alojamiento de los sectores pobres, la producci&#xF3;n y "consume" de vivienda y las estrategias para lograr el acceso a ella.
Al respecto: en "La construcci&#xF3;n en Guatemala -Primera parte-: los objetos construidos no mercantilizados'', Flavio dio inicio a un estudio sobre la producci&#xF3;n de vivienda, el cual previamente hab&#xED;a dividido en dos partes. En la primera, la que aparece inicialmente en esta campilaci6n, aborda el caso de la vivienda que es producida pero no para ingresar al mercada sino &#xFA;nicamente para el "autoconsumo" de sus productores. En una segunda parte, se hab&#xED;a propuesto analizar la producci&#xF3;n de vivienda concebida y promovida como mercanc&#xED;a.
Al respecto, el segundo documento que se incluye en esta compilaci&#xF3;n corresponde a ese esfuerzo de continuidad. El mismo fue denominado "Notas sobre el alquiler de vivienda en Guatemala", y en ellas Flavio alcanz&#xF3; a perfilar elementos sobre la crisis habitacional, el alquiler como forma de acceso a la vivienda para los sectores que carecen de ella, pero tambi&#xE9;n como una forma de acumulaci&#xF3;n de capital del sector inmobiliario o de generaci&#xF3;n de renta para el propietario individual. Sobre este documento es necesario reiterar que constituye una obra que el autor reci&#xE9;n comenzaba a formular, partiendo de la d&#xE9;cada de 1920, periodo en el que la carencia de vivienda urbana cobr&#xF3; nuevo impulso, debido a los terremotos de 1917 y 1918      y al flujo migratorio hacia la ciudad capital. Se pretend&#xED;a culminar, con este estudio, todo el ciclo de producci&#xF3;n, distribuci&#xF3;n y comercializaci&#xF3;n de la vivienda dentro del sistema capitalista.
Ante la insignificante producci&#xF3;n de vivienda estatal y la agudizaci&#xF3;n de la crisis econ&#xF3;mica y pol&#xED;tica, en los inicios de la d&#xE9;cada de 1980, se incrementaron las ocupaciones de terrenos, realizadas por numerosos pobladores que carec&#xED;an de alojamiento y en las que empiezan a participar tambi&#xE9;n desplazados internos por el conflicto armado. Esta situaci&#xF3;n motiva a Flavio a indagar sobre este fen&#xF3;meno y sus consecuencias en las condiciones de vida de los pobladores, desarrollando el estudio sobre "Invasiones de terrenos en la ciudad de Guatemala", con el cual se cierra esta compilaci&#xF3;n. En este trabajo Flavio se manifiesta como un investigador visionario, por cuanto &#xE9;ste constituy&#xF3; un trabajo pionero, al ocuparse de un tema que resultar&#xED;a relevante y motivo de debate y conflictividad hasta la fecha, como lo es el de las ocupaciones de tierra urbana. En el hace referencia a la crisis econ&#xF3;mica y las deficientes pol&#xED;ticas del Estado, en particular sobre la producci&#xF3;n de vivienda, como factores que propician las invasiones de terrenos. Sin embargo, su sentido cr&#xED;tico le hac&#xED;a notar tambi&#xE9;n la segregaci&#xF3;n que el mercado de vivienda hace de los pobres y las estrategias que los sectores populares llevan a cabo para realizar las ocupaciones de terrenos en momentos propicios pol&#xED;ticamente.
Con su trabajo Flavio Quesada dej&#xF3; abierto un vasto campo de investigaci&#xF3;n en nuestro Centro, el cual a&#xFA;n se manifiesta en temas que siguen vigentes y se han agudizado, tales como el .de los asentamientos precarios, el problema de la vivienda en Guatemala y el papel de la Universidad frente a una realidad nacional cada vez m&#xE1;s compleja. Darle continuidad a los mismos no s&#xF3;lo constituye un reto, sino que seguir&#xE1; siendo la mejor forma de tener a Flavio siempre presente.

Arq. Amanda Mor&#xE1;n M&#xE9;rida
Coordinadora 
Guatemala, Mayo  de 2005
</subfield>
  </datafield>
  <datafield tag="650" ind1="1" ind2="7">
    <subfield code="a">Pol&#xED;tica de vivienda</subfield>
    <subfield code="z">Guatemala</subfield>
    <subfield code="9">63</subfield>
  </datafield>
  <datafield tag="650" ind1="1" ind2="7">
    <subfield code="2">LEMB</subfield>
    <subfield code="a">Vivienda</subfield>
    <subfield code="v">Estad&#xED;sticas</subfield>
    <subfield code="9">64</subfield>
  </datafield>
  <datafield tag="650" ind1="1" ind2="7">
    <subfield code="2">LEMB</subfield>
    <subfield code="a">Programas de vivienda</subfield>
    <subfield code="9">65</subfield>
  </datafield>
  <datafield tag="650" ind1="1" ind2="7">
    <subfield code="a">Viviendas de alquiler</subfield>
    <subfield code="9">66</subfield>
  </datafield>
  <datafield tag="650" ind1="1" ind2="7">
    <subfield code="2">LEMB</subfield>
    <subfield code="a">Necesidades de vivienda</subfield>
    <subfield code="9">67</subfield>
  </datafield>
  <datafield tag="650" ind1="1" ind2="7">
    <subfield code="a">Asentamientos de ocupantes</subfield>
    <subfield code="9">68</subfield>
  </datafield>
  <datafield tag="700" ind1="1" ind2=" ">
    <subfield code="a">Bravo Soto, Mario</subfield>
    <subfield code="e">revisor y editor final</subfield>
    <subfield code="9">69</subfield>
  </datafield>
  <datafield tag="700" ind1="1" ind2=" ">
    <subfield code="a">Herrera Ru&#xED;z, Sandra E.</subfield>
    <subfield code="e">revisora de transcripciones</subfield>
    <subfield code="9">70</subfield>
  </datafield>
  <datafield tag="942" ind1=" " ind2=" ">
    <subfield code="2">ddc</subfield>
    <subfield code="c">BK</subfield>
    <subfield code="h">CEUR 363.5 Q5</subfield>
    <subfield code="n">0</subfield>
  </datafield>
  <datafield tag="999" ind1=" " ind2=" ">
    <subfield code="c">2531</subfield>
    <subfield code="d">2531</subfield>
  </datafield>
  <datafield tag="952" ind1=" " ind2=" ">
    <subfield code="0">0</subfield>
    <subfield code="1">0</subfield>
    <subfield code="2">ddc</subfield>
    <subfield code="4">0</subfield>
    <subfield code="7">0</subfield>
    <subfield code="8">gn</subfield>
    <subfield code="a">BICEUR</subfield>
    <subfield code="b">BICEUR</subfield>
    <subfield code="d">2018-10-09</subfield>
    <subfield code="e">Donaci&#xF3;n</subfield>
    <subfield code="i">16H-15341-4397/18</subfield>
    <subfield code="l">0</subfield>
    <subfield code="o">CEUR 363.5 Q5</subfield>
    <subfield code="p">BFQS00067</subfield>
    <subfield code="r">2025-11-13 15:53:57</subfield>
    <subfield code="w">2025-11-13</subfield>
    <subfield code="y">BK</subfield>
    <subfield code="z">Disponible</subfield>
  </datafield>
</record>
